| 000 | 00774nam a22002417a 4500 | ||
|---|---|---|---|
| 003 | CHAP | ||
| 005 | 20220329135819.0 | ||
| 008 | 971013s1967 r 00010 d | ||
| 010 | _a42685 | ||
| 011 | _a43657 | ||
| 035 | _a47793 | ||
| 040 | _cCHAP | ||
| 082 |
_a630.1 _bE82 1967 |
||
| 110 |
_aE.U.A. National Advisory Commission on Rural Poverty _934947 |
||
| 245 | _aRural poverty ; hearings before the National Advisory Commission on Rural Poverty, Tucson, Arizona | ||
| 260 |
_aWashington : _bGovernment Printing Office, _c1967 |
||
| 300 | _a403 p. | ||
| 590 |
_aCONVERSION _b10 _c20130109 _lUCH01 _h1323 |
||
| 650 | 1 | 4 |
_aVida rural _xE.U.A. _9119153 |
| 901 | _aBK | ||
| 942 | _cLIBRO | ||
| 949 |
_a630.1 E82 1967 _bBC _cLIBRO _d33724000027967 _eLIBRO _h12027 _i47793 _mD _si |
||
| 999 |
_c42685 _d42685 |
||